Escritos y grabados /
Wedi'i Gadw mewn:
| Prif Awdur: | |
|---|---|
| Fformat: | Anhysbys |
| Iaith: | Spanish |
| Cyhoeddwyd: |
San José, Costa Rica :
Ministerio de Cultura Juventud y Deportes,
1977.
|
| Pynciau: | |
| Tagiau: |
Ychwanegu Tag
Dim Tagiau, Byddwch y cyntaf i dagio'r cofnod hwn!
|
MARC
| LEADER | 000000000a22000000004500 | ||
|---|---|---|---|
| 001 | 002544 | ||
| 041 | 0 | |a spa | |
| 082 | 0 | 4 | |a 709 |b P949e |
| 100 | 1 | |a Prieto Tugores, Emilia, |d 1902-1986 | |
| 245 | 1 | 0 | |a Escritos y grabados / |c Emilia Prieto Tugores. |
| 260 | 1 | |a San José, Costa Rica : |b Ministerio de Cultura Juventud y Deportes, |c 1977. | |
| 300 | |a 319 páginas | ||
| 650 | 4 | |a GRABADOS | |
| 650 | 4 | |a HISTORIA | |
| 650 | 4 | |a ARTE COSTARRICENSE | |
| 650 | 4 | |a COSTA RICA | |
| 999 | |c 8936 |d 8936 | ||
| 942 | |c BK |h 709 P949e |2 z | ||
